000 00477nam a2200181 4500
003 SEACOMEC
005 20240417131646.0
008 231007b |||||||| |||| 00| 0 eng d
020 _cRs. 175.00
040 _aSEACOMEC
082 _a 620.0014
_bM678
100 1 _aMishra, Sunita
245 1 _aCommunication skills for Engineers
_cSunita Mishra and C. Muralikrishna
260 _aDelhi
_bPearson
_c2006
650 _aEngineering
700 1 _aMuralikrishna, C.
942 _cBOOK
999 _c203
_d203